Spúšť inovácií v rukách konkurencie

Inovácie produktov. Inovácia ako neoddeliteľná súčasť marketingovej stratégie.

Gespeichert in:
Bibliographische Detailangaben
1. Verfasser: Gajdošová, Anna
Weitere Verfasser: Bokorová, Jana
Format: Buchkapitel
Sprache:Slowakisch
Schlagworte:
Tags: Tag hinzufügen
Keine Tags, Fügen Sie das erste Tag hinzu!

MARC

LEADER 00000naa$a2200000$$$4500
001 0003676
005 20231004094920.7
041 0 |a slo 
044 |a SK 
245 1 0 |a Spúšť inovácií v rukách konkurencie  |c aut. Anna Gajdošová, Jana Bokorová 
520 |a Inovácie produktov. Inovácia ako neoddeliteľná súčasť marketingovej stratégie. 
610 2 0 |a inovácia výrobkov 
610 2 0 |a stratégia marketingová 
100 1 |a Gajdošová, Anna 
700 1 |a Bokorová, Jana